书目信息 |
| 题名: |
探究性选修课与科学实验室
|
|
| 作者: | 葛朝鼎 主编 | |
| 分册: | ||
| 出版信息: | 上海 少年儿童出版社 2002 |
|
| 页数: | 123页 | |
| 开本: | 23cm | |
| 丛书名: | 《研究性学习多样化模式》丛书 | |
| 单 册: | ||
| 中图分类: | G632.3 , G634.93 | |
| 科图分类: | ||
| 主题词: | 选修课--课程设计--中学 , 科学实验--活动课程--中学 , 选修课 , 科学实验 , 活动课程 | |
| 电子资源: | ||
| ISBN: | 7-5324-4922-X | |
| 000 | 01033oam2 2200301 450 | |
| 001 | 1575760560 | |
| 005 | 20150204210300.70 | |
| 010 | @a7-5324-4922-X@dCNY18.00 | |
| 100 | @a20020517d2002 em y0chiy0110 ea | |
| 101 | 0 | @achi |
| 102 | @aCN@b310000 | |
| 105 | @ay z 000yy | |
| 200 | 1 | @a探究性选修课与科学实验室@9tan jiu xing xuan xiu ke yu ke xue shi yan shi@e东北育才学校模式@f葛朝鼎主编 |
| 210 | @a上海@c少年儿童出版社@d2002 | |
| 215 | @a123页@d23cm | |
| 225 | 2 | @a《研究性学习多样化模式》丛书 |
| 330 | @a本书包括:动态开放环境下的数理综合探究课、天气预报选修课、化学与人类选修课、科学研究实验室的创办与组织实施、智能机器与机器人科学研究实验室的研究与管理模式等内容。 | |
| 461 | 0 | @12001 @a《研究性学习多样化模式》丛书 |
| 606 | 0 | @a选修课@x课程设计@x中学 |
| 606 | 0 | @a科学实验@x活动课程@x中学 |
| 606 | 0 | @a选修课 |
| 606 | 0 | @a科学实验 |
| 606 | 0 | @a活动课程 |
| 690 | @aG632.3@v5 | |
| 690 | @aG634.93@v5 | |
| 701 | 0 | @a葛朝鼎@9ge chao ding@4主编 |
| 801 | 0 | @aCN@bTSSF@c20150204 |
| 905 | @aZUCC@dG632.3@eJY9 | |
| 探究性选修课与科学实验室:东北育才学校模式/葛朝鼎主编.-上海:少年儿童出版社,2002 |
| 123页;23cm.-(《研究性学习多样化模式》丛书) |
| ISBN 7-5324-4922-X:CNY18.00 |
| 本书包括:动态开放环境下的数理综合探究课、天气预报选修课、化学与人类选修课、科学研究实验室的创办与组织实施、智能机器与机器人科学研究实验室的研究与管理模式等内容。 |
| ● |
| 相关链接 |
|
|
|
|
正题名:探究性选修课与科学实验室
索取号:G632.3/JY9
 
预约/预借
| 序号 | 登录号 | 条形码 | 馆藏地/架位号 | 状态 | 备注 |
| 1 | 7865413 | 278654136 | 学院路分馆/ [索取号:G632.3/JY9] | 在馆 |